Countries that are the Same in Italian and English - Statistics

General Stats
  • This quiz has been taken 131 times
    115 since last reset
  • The average score is 73 of 108
Answer Stats
% Correct
Argentina
84%
Albania
82%
Canada
82%
Russia
82%
San Marino
82%
Australia
81%
Colombia
81%
Estonia
80%
Venezuela
80%
Andorra
79%
Bolivia
79%
India
79%
Malta
78%
Paraguay
78%
Serbia
78%
Algeria
77%
Ecuador
77%
Suriname
77%
Uruguay
77%
Cuba
76%
Panama
76%
Armenia
74%
Bulgaria
74%
Indonesia
74%
Monaco
74%
Niger
74%
Perù
74%
Ghana
73%
Oman
73%
Romania
73%
Barbados
72%
Guatemala
72%
Guyana
72%
Nigeria
72%
Somalia
72%
Haiti
71%
Iran
71%
Pakistan
71%
Tunisia
71%
Vietnam
71%
Zambia
71%
Austria
70%
Bahamas
70%
Costa Rica
70%
El Salvador
70%
Liechtenstein
70%
Mali
70%
Nicaragua
70%
Tanzania
70%
Yemen
70%
Belize
69%
Georgia
69%
Honduras
69%
Iraq
69%
Kenya
69%
Laos
69%
Namibia
69%
Slovenia
69%
Angola
68%
Guinea
68%
Mongolia
68%
Sudan
68%
Vanuatu
68%
Afghanistan
67%
Eritrea
67%
Liberia
67%
Zimbabwe
67%
Kosovo
66%
Madagascar
64%
Montenegro
64%
Nepal
64%
Togo
64%
Tuvalu
64%
Gambia
63%
Nauru
63%
Qatar
63%
Senegal
62%
Tonga
62%
Dominica
61%
Grenada
61%
Turkmenistan
61%
Bahrain
60%
Bhutan
60%
Kiribati
60%
Lesotho
60%
Macedonia
60%
Samoa
60%
Burundi
59%
Palau
59%
Uganda
59%
Benin
58%
Guinea-Bissau
58%
Malawi
58%
Sierra Leone
58%
Sri Lanka
58%
Gabon
57%
Kuwait
57%
Mauritania
57%
Botswana
56%
Mauritius
56%
Singapore
56%
Taiwan
56%
Uzbekistan
56%
Bangladesh
54%
Seychelles
52%
Brunei
51%
Burkina Faso
50%
Swaziland
44%
No matching quizzes found
Score Distribution
Percent of People with Each Score
Percentile by Number Answered
Your Score History
You have not taken this quiz since the last reset